000 00602nam a2200169 4500
001 137959
003 ES-MaACL
005 20230906195457.0
007 t|
008 070214s1984 sp r ||||1| spa d
100 1 _aSánchez Ferriz, Remedio.
_9102644
245 1 3 _aLa Restauración y su Constitución política /
_cRemedios Sánchez Ferriz.
260 _aValencia :
_bUniversidad, Facultad de Derecho, Departamento de Derecho Político,
_c1984.
300 _a496 p. ;
_c23 cm.
710 2 _aUniversidad de Valencia.
_bDepartamento de Derecho Político.
_97317
852 _aES-MaACL
_jC-54
_bR.114244
999 _c137959
_d137959